Statistics for Ozzy Osbourne Albums Tile Select

Click here to take the quiz!

General Stats

  • This quiz has been taken 17 times
  • The average score is 33 of 45

Answer Stats

QuestionTileSelect% Correct
the following songs that are on Blizzard of Ozz (1980).TonightNo
100%
the following songs that are on Blizzard of Ozz (1980).Crazy TrainYes
93%
the following songs that are on Blizzard of Ozz (1980).Goodbye to RomanceYes
93%
the following songs that are on Blizzard of Ozz (1980).Mr. CrowleyYes
93%
the following songs that are on Diary of a Madman (1981).Over the MountainYes
93%
the following songs that are on Blizzard of Ozz (1980).Secret LoserNo
93%
the following songs that are on Diary of a Madman (1981).Slow DownNo
93%
the following songs that are on Diary of a Madman (1981).Flying High AgainYes
87%
the following songs that are on Blizzard of Ozz (1980).S.A.T.O.No
87%
the following songs that are on Diary of a Madman (1981).So TiredNo
87%
the following songs that are on Blizzard of Ozz (1980).Suicide SolutionYes
87%
the following songs that are on Blizzard of Ozz (1980).BelieverNo
80%
the following songs that are on No More Tears (1991).Crazy BabiesNo
80%
the following songs that are on No More Tears (1991).HellraiserYes
80%
the following songs that are on No More Tears (1991).HeroNo
80%
the following songs that are on Diary of a Madman (1981).I Don't KnowNo
80%
the following songs that are on No More Tears (1991).I Don't Want to Change the WorldYes
80%
the following songs that are on No More Tears (1991).Mama, I'm Coming HomeYes
80%
the following songs that are on Diary of a Madman (1981).No Bone MoviesNo
80%
the following songs that are on No Rest for the Wicked (1988).DesireNo
73%
the following songs that are on No Rest for the Wicked (1988).Fool Like YouNo
73%
the following songs that are on No More Tears (1991).I Just Want YouNo
73%
the following songs that are on Bark at the Moon (1983).Lightning StrikesNo
73%
the following songs that are on Blizzard of Ozz (1980).Revelation (Mother Earth)Yes
73%
the following songs that are on Bark at the Moon (1983).Rock 'n' Roll RebelYes
73%
the following songs that are on No Rest for the Wicked (1988).Time After TimeNo
73%
the following songs that are on No Rest for the Wicked (1988).Bloodbath in ParadiseYes
67%
the following songs that are on No Rest for the Wicked (1988).Demon AlcoholYes
67%
the following songs that are on Diary of a Madman (1981).Little DollsYes
67%
the following songs that are on No Rest for the Wicked (1988).Mr. TinkertrainNo
67%
the following songs that are on Bark at the Moon (1983).Never Know WhyNo
67%
the following songs that are on No More Tears (1991).See You on the Other SideNo
67%
the following songs that are on Bark at the Moon (1983).Shot in the DarkNo
67%
the following songs that are on Diary of a Madman (1981).Steal Away (The Night)No
67%
the following songs that are on No More Tears (1991).Zombie StompYes
67%
the following songs that are on No Rest for the Wicked (1988).Devil's Daughter (Holy WarYes
60%
the following songs that are on No Rest for the Wicked (1988).Fire in the SkyYes
60%
the following songs that are on No Rest for the Wicked (1988).Miracle ManYes
60%
the following songs that are on Bark at the Moon (1983).Thank God for the BombNo
60%
the following songs that are on Bark at the Moon (1983).You're No DifferentYes
60%
the following songs that are on Bark at the Moon (1983).Centre of EternityYes
53%
the following songs that are on Bark at the Moon (1983).Waiting for DarknessYes
53%
the following songs that are on No More Tears (1991).A.V.H.Yes
47%
the following songs that are on Bark at the Moon (1983).Now You See It (Now You Don't)Yes
47%
the following songs that are on Diary of a Madman (1981).You Can't Kill Rock and RollYes
47%

Score Distribution

Percentile by Number Answered

Percent of People with Each Score

Your Score History

You have not taken this quiz